000 00705nam a2200217Ii 4500
003 JO-AjNU
008 230605s9999||||xx |||||||||||||| ||und||
040 _aJO-AjNU
_bara
_erda
_cJO-AjNU
041 _aara
050 1 4 _aPQ2633 1981
100 3 _aرومان، جاك ؛ ترجمة عبد الرزاق جعفر,
_eauthor
_98059
245 0 0 _aسادة الندى
250 _aط1
264 3 1 _aبيروت: مؤسسة الأبحاث العربية، 1981
300 _a200ص
336 _atext
_btxt
_2rdacontent
337 _aunmediated
_bn
_2rdamedia
338 _avolume
_bnc
_2rdacarrier
490 0 _aذاكرة الشعوب 3
650 4 _aالأدب العربي - روايات - ترجمة
_98060
999 _aA595
_c4163
_d4163